000
00320nam a22001337a 4500
008
171108b xxu||||| |||| 00| 0 eng d
020
_a
9780815707752
041
_a
eng
080
_a
330.322
100
_a
64
101
_a
INV
245
_a
SOUTH AFRICA AND THE WORLD ECONOMY IN THE 1990S
_c
BAKER,P,H
942
_2
udc
_c
BK
999
_c
38188
_d
38188